Haití: crear la unidad para construir un movimiento social fuerte /

Uloženo v:
Podrobná bibliografie
Hlavní autor: Rosello, Tamara
Médium: Text
Tagy: Přidat tag
Žádné tagy, Buďte první, kdo vytvoří štítek k tomuto záznamu!

MARC

LEADER 00000 a a2200000 04500
001 45866
003
040
100 |a Rosello, Tamara  
245 |a Haití:   |b crear la unidad para construir un movimiento social fuerte /  |c Tamara Rosello  
773 |g número61 ( , 2011), páginas 101-104  
999 |c 27180  |d 27180